Statistics for Northernmost Countries by Continent

Click here to take the quiz!

General Stats

  • This quiz has been taken 86,231 times
  • The average score is 26 of 29

Answer Stats

ContinentLatitudeCountry% Correct
North America83°06' NCanada
99%
Europe80°49' NNorway
99%
Europe81°51' NRussia
99%
Asia81°51' NRussia
99%
North America71°23' NUnited States
99%
Africa31°36' NEgypt
98%
Europe70°05' NFinland
98%
Europe69°04' NSweden
98%
North America32°43' NMexico
97%
Europe67°08' NIceland
96%
Africa35°55' NMorocco
96%
Asia52º09' NMongolia
95%
Africa37°05' NAlgeria
94%
Asia53°34' NChina
94%
South America15°50' NColombia
94%
Africa33°10' NLibya
93%
Africa37°21' NTunisia
93%
South America15°40' NVenezuela
92%
North America23°16' NCuba
91%
Asia55°06' NKazakhstan
90%
South America6°01' NSuriname
87%
South America8°24' NGuyana
85%
North America27°16' NBahamas
83%
Oceania10°05' NF.S. of Micronesia
76%
Oceania14°32' NMarshall Islands
73%
Asia45°36' NUzbekistan
73%
Oceania2°03' NKiribati
72%
Oceania8°10' NPalau
72%
Oceania0°30' SNauru
70%

Score Distribution

Percentile by Number Answered

Percent of People with Each Score

Your Score History

You have not taken this quiz